| 000 | 00569 a2200193 4500 | ||
|---|---|---|---|
| 003 | Nust | ||
| 005 | 20230404154409.0 | ||
| 010 | _a68013086 | ||
| 040 | _cNust | ||
| 082 | _a629.8323,BAE | ||
| 100 |
_aBaeck, Henry S. _977189 |
||
| 245 |
_aPractical servomechanism design / _cHenry S. Baeck |
||
| 260 |
_aMcGraw-Hill _bNew York, _c1968 |
||
| 300 |
_axix, 380 p _billus _c23 cm |
||
| 505 | _aTheory and Systems (Page-1), Components and Hardware (Page-187). | ||
| 600 |
_aBaeck, Henry S. _977189 |
||
| 650 |
_aPractical servomechanism design _9111735 |
||
| 942 |
_2ddc _cBK |
||
| 999 |
_c183972 _d183972 |
||